000 00289nam a22001217a 4500
008 180207b xxu||||| |||| 00| 0 eng d
041 _aeng
080 _aL 021 CHAN
100 _a0
101 _aLIB
245 _aCataloging and classification an introduction
_cChan,L.M
942 _2udc
_cBK
999 _c42037
_d42037